| 000 | 00517nam a2200181Ia 4500 | ||
|---|---|---|---|
| 005 | 20250317040818.0 | ||
| 008 | 240331s9999 xx 000 0 und d | ||
| 020 | _a9555800359 | ||
| 082 |
_bPER _26580 _a301 |
||
| 100 | _aPerera, S | ||
| 245 | 4 |
_aThe World According to Me: _bAn Interpretation of the Ordinary, the Common and the Mundane |
|
| 260 |
_aColombo, _bInternational Centre for Ethnic Studies _c1999 |
||
| 300 | _ax, 151 p., | ||
| 650 | _aMyth | ||
| 650 | _aPolitics | ||
| 650 | _aArchitecture | ||
| 942 | _cL | ||
| 999 |
_c4997 _d4997 |
||